00487nam a2200193 a 4500001001300000003000900013005001700022008004100039020002300080082001500103100002100118245002200139260004400161300000900205500003500214505001000249650001300259700002100272nice12345678IN_TiNIC20260116014334.0090325s2008 dela grp 000 0 eng  a8186050957 c50000a294.3bDUT aDutt, Nalinaksha aMahayana Buddhism aDelhi bBharatiya Kala Prakashan c2008 a310p aincludes index and biblioraphy2 aindex aBuddhism1 aDutt, Nalinaksha